LEADER 04650nam 22006972 450 001 9910452502803321 005 20151005020622.0 010 $a1-139-89154-5 010 $a1-107-27260-2 010 $a1-107-27199-1 010 $a1-107-27532-6 010 $a1-107-27857-0 010 $a1-107-27408-7 010 $a1-139-54074-2 010 $a1-107-27734-5 035 $a(CKB)2550000001108193 035 $a(EBL)1303704 035 $a(OCoLC)854975217 035 $a(SSID)ssj0000919278 035 $a(PQKBManifestationID)12448419 035 $a(PQKBTitleCode)TC0000919278 035 $a(PQKBWorkID)10908618 035 $a(PQKB)11746264 035 $a(UkCbUP)CR9781139540742 035 $a(MiAaPQ)EBC1303704 035 $a(Au-PeEL)EBL1303704 035 $a(CaPaEBR)ebr10740542 035 $a(CaONFJC)MIL508536 035 $a(EXLCZ)992550000001108193 100 $a20120625d2013|||| uy| 0 101 0 $aeng 135 $aur||||||||||| 181 $ctxt$2rdacontent 182 $cc$2rdamedia 183 $acr$2rdacarrier 200 00$aStem cells in reproductive medicine $ebasic science and therapeutic potential /$fedited by Carlos Simon, Antonio Pellicer, Renee Reijo Pera$b[electronic resource] 205 $aThird edition. 210 1$aCambridge :$cCambridge University Press,$d2013. 215 $a1 online resource (x, 187 pages) $cdigital, PDF file(s) 300 $aTitle from publisher's bibliographic system (viewed on 05 Oct 2015). 311 $a1-107-03447-7 311 $a1-299-77285-4 320 $aIncludes bibliographical references at the end of each chapters and index. 327 $aGenetics of the germline formation / Orkan Ilbay and Emre Seli -- Germ cell differentiation from pluripotent cells / Jose V. Medrano [and others] -- The male gamete / Nicolas Garrido, Rocio Rivera, and Marcos Meseguer -- In vitro production of functional sperm from neonatal mouse testes / Takehiko Ogawa -- Adult stem cell population in the human testis / Ellen Goossens and Herman Tournaye -- Meiotic recombination in human oocytes / Jennifer R. Gruhn [and others] -- Gene expression dynamics during human embryonic development / Carlos Simon and Renee A. Reijo Pera -- Embryonic stem cells from blastomeres maintaining embryo viability / Irina Klimanskaya -- Gamete generation from stem cells to avoid gamete donation and customized hESC from blastomeres as the cellular insurance for the newborn : will it ever be ethically acceptable? / Heidi Mertes and Guido Pennings -- Amniotic fluid and placental membranes : unexpected sources of highly multipotent cells / Sean Vincent Murphy and Anthony Atala -- Adult stem cells in the human endometrium / Caroline E. Gargett [and others] -- In utero hematopoietic cell transplantation / Amar Nijagal and Tippi C. MacKenzie -- Bone marrow stroma : a source of mesenchymal stem cells for cell therapy / Agustin G. Zapata -- Dedifferentiation, transdifferentiation, and reprogramming / Sergio Mora and Angel Raya -- The metabolic framework of pluripotent stem cells and potential mechanisms of regulation / Alexandra J. Harvey, Joy Rathjen, and David K. Gardner. 330 $aStem cell science has the potential to impact human reproductive medicine significantly - cutting edge technologies allow the production and regeneration of viable gametes from human stem cells offering potential to preciously infertile patients. Written by leading experts in the field Stem Cells in Reproductive Medicine brings together chapters on the genetics and epigenetics of both the male and female gametes as well as advice on the production and regeneration of gene cells in men and women, trophoblasts and endometrium from human embryonic and adult stem cells. Although focussing mainly on the practical elements of the use of stem cells in reproductive medicine, the book also contains a section on new developments in stem cell research. The book is essential reading for reproductive medicine clinicians, gynecologists and embryologists who want to keep abreast of practical developments in this rapidly developing field. 606 $aEmbryonic stem cells 606 $aReproductive health 606 $aHuman reproductive technology 615 0$aEmbryonic stem cells. 615 0$aReproductive health. 615 0$aHuman reproductive technology. 676 $a616.02/774 702 $aSimo?n$b Carlos 702 $aPellicer$b Antonio 702 $aReijo Pera$b Renee 801 0$bUkCbUP 801 1$bUkCbUP 906 $aBOOK 912 $a9910452502803321 996 $aStem cells in reproductive medicine$92457388 997 $aUNINA